02779nab a2200289 i 4500003000900000005001700009008004100026040001800067072000800085100002800093100002600121100002700147100004600174245014600220500006500366520086200431520079001293650001602083650002702099650001502126650001302141650002502154773020402179856007902383942000802462999001902470BR-BrBNA20260422150940.0260422b2019 bl.mr|pooa||| 00| 0 por | aBR-BrBNAbpor aE14 aSilva, Felipe Pinto da  aAraujo, Jair Andrade  aCosta, Edward Martins  aVieira Filho, José Eustáquio Ribeiro  aEficiência técnica e heterogeneidade tecnológica na agropecuária das regiões semiárida e não semiárida do Nordeste brasileiro aPublicação on-line; 37 ref.; 6 tables; Sumaries (Pt, En) a Resumo: Este estudo busca analisar as diferenças tecnológicas da produção agropecuária entre os municípios situados no semiárido e no não semiárido do Nordeste brasileiro. Utiliza-se o modelo de meta-fronteira tecnológica, proposta por Battese, Rao e O’Donnell (2004) (2004) e O’Donnell et al. (2008), para responder até que ponto essas diferenças regionais influenciam na eficiência da produção. Constatou-se que a hipótese de que os municípios pertencentes ao semiárido e ao não semiárido deparam-se com diferentes oportunidades de produção. Os resultados indicaram que, quando comparadas as duas regiões, o não semiárido possui a maior eficiência técnica média com referência à meta-fronteira. Palavras-chave: agricultura, tecnologia, semiárido nordestino, fronteira de produção.  a Abstract: This study aims to analyze the technological differences in agricultural production between the municipalities in the semiarid and non-semiarid Northeast Brazil. It uses the technological meta-frontier model proposed by Battese, Rao e O’Donnell (2004), and O’Donnell, Rao e Battese (2008), for responding to what extent these regional differences influence the efficiency of production. It was observed that the hypothesis that the municipalities belonging to the semiarid and non-semiarid face with different production opportunities. The results indicated, that comparing both regions, the non-semiarid region has the highest average technical efficiency with reference to meta-frontier. Key-words: agriculture, technology, semi-arid northeast, production frontier. aAGRICULTURA aCONDIÇÃO AMBIENTAL aTECNOLOGIA aNORDESTE aDESENVOLVIMETO RURAL0 035649316865dBrasília-DF Sociedade Brasileira de Economia e Sociologia Rural 1988o2024-3409tRevista de Economia e Sociologia Rural (Brazil)x0103-2003gv. 57 (3) p. 379-395; (2019)wBR2025004911 uhttps://www.scielo.br/j/resr/a/qYQXgM6ZPhztDc8YCbn6Znc/?format=pdf&lang=pt cANA c341497d341497